Obálka Náhled e-knihy:
PDF Epub
Pro půjčování e-knih musíte být přihlášeni.
Jak si půjčit online?

Příběhy ze zoo. Sobík popleta /

Vánoční dobrodružství malého soba odhodlaného splnit si svůj velký sen.

Uloženo v:
Série:Příběhy ze zoo, část 1
Hlavní autor: Hudáčková Barochová, Věra (Autor)
Další autoři: Francová, Sylva, 1973- (Autor)
Médium: E-kniha
Jazyk:Czech
Vydáno: V Praze : Fragment, 2021
Vydání:1. vydání
Témata:
Příbuzné jednotky:Z cyklu:: Příběhy ze zoo
Tagy:
Žádné tagy
LEADER 02323nam a2200481 i 4500
001 311450
003 CZ PrSKC
005 20260601215705.0
007 ta
008 211103s2021 xr a b 000 j cze
015 |a cnb003368839 
020 |a 9788025353998  |q (vázáno) :  |c Kč 249,00 
035 |a (OCoLC)1288051832 
035 |a (OCoLC)1291386239 
040 |a ABG001  |b cze  |e rda 
072 7 |a 821.162.3-3  |x Česká próza  |2 Konspekt 
072 7 |a 821-93  |x Literatura pro děti a mládež (beletrie)  |2 Konspekt 
080 |a 821.162.3-32  |2 MRF 
080 |a 821-93  |2 MRF 
080 |a (0:82-32)  |2 MRF 
100 1 |a Hudáčková Barochová, Věra  |7 pna2011636753  |4 aut 
245 1 0 |a Příběhy ze zoo.  |p Sobík popleta /  |c Věra Hudáčková Barochová ; ilustrovala Sylva Francová 
246 3 0 |a Sobík popleta 
250 |a 1. vydání 
264 1 |a V Praze :  |b Fragment,  |c 2021 
300 |a 79 stran :  |b barevné ilustrace ;  |c 21 cm 
336 |a text  |b txt  |2 rdacontent 
337 |a bez média  |b n  |2 rdamedia 
338 |a svazek  |b nc  |2 rdacarrier 
520 2 |a Vánoční dobrodružství malého soba odhodlaného splnit si svůj velký sen.  |b Sobík Ruda se cítí osaměle. Žije uprostřed stáda dospělých sobů a jeho jedinou kamarádkou je sedmiletá holčička Bětka, která dokáže mluvit se zvířaty. Když se od ní dozví o sobím spřežení Santa Clause, zatouží se k němu přidat. Nakladatelská anotace. Kráceno. 
521 8 |a Pro čtenáře od 6 let 
655 7 |a české příběhy  |7 fd133973  |2 czenas 
655 7 |a publikace pro děti  |7 fd133156  |2 czenas 
655 9 |a Czech stories  |2 eczenas 
655 9 |a children's literature  |2 eczenas 
700 1 |a Francová, Sylva,  |d 1973-  |7 xx0022360  |4 ill 
787 0 8 |i Z cyklu:  |t Příběhy ze zoo  |g 1 
900 |a ABA001  |b 19 
928 9 |a Albatros Media - Fragment 
044 |a xr 
910 |a RBIT002 
998 |d 338395  |a https://core.palmknihy.cz/api/books/338395/cover?si64nt  |b https://core.palmknihy.cz/api/books/338395/cover/400?si64nt  |c https://core.palmknihy.cz/api/books/338395/cover/50?si64nt  |e 2031-12-31  |g 88  |i 9788025353998  |j https://core.palmknihy.cz/api/books/338395/preview.epub  |k https://core.palmknihy.cz/api/books/338395/preview.pdf  |l   |q 49  |r 1  |s https://www.palmknihy.cz/kniha/338395  |t ebook  |y 2021  |z 0  |v Příběhy ze zoo  |w 1 
999 |d 311448